00433nam a2200169Ia 4500003000400000005001700004008004100021040000700062041000800069082001900077100004000096245005300136250000600189260004300195300001200238365001300250OSt20230624110454.0210423s9999 xx 000 0 und d cAL aeng a659.2 MOOH223 aMOORE (H Frazier);KALUPA (Frank B). aPublic relations: principles,cases,and problems. a9 bSurjeeth PublicationsaNew Delhic2009 axix,647 b225cINR